000
00268nam a22001217a 4500
999
_c
533790
_d
533790
040
_c
dlc
082
_a
813.6
100
_a
Thrity Umrigar
_9
27774
245
_a
The Space Between Us:
260
_a
London
_b
HarperCollins
_c
c2005
300
_a
321;pxv
942
_2
ddc
_c
BK